000 00530 a2200181 4500
999 _c5904
_d5904
020 _a8177542397
050 _aSF518 SIN 2006
100 _aSingh, Dharm
_eauthor
245 _aA handbook of beekeeping /
_cDharm Singh and Devender Pratap Singh
264 _aJodhpur :
_bAgrobios,
_c♭2006.
300 _a291p. :
_bill.
500 _aIncludes bibliographical references
650 _aBee culture
_xIndia
650 _aBee culture
650 _aIndia
700 _aSingh, Devender Pratap
_eauthor
942 _2lcc
_cBK
_h518
_iSIN
_kSF